Statistics for Complete The Lyric-The Lion King

Click here to take the quiz!

General Stats

  • This quiz has been taken 12 times
  • The average score is 7 of 9

Answer Stats

SongLyricCompleted Lyric% Correct
Hakuna MatataIt means no ______
For the rest of your days
Yeah, sing it, kid!
Worries
89%
Can You Feel The Love TonightHe's holding back, he's hiding
But what, I can't _____
Why won't he be the king I know he is?
The king I see inside?
Decide
78%
Hakuna MatataHe found his aroma lacked a certain appeal
He could clear the Savannah after every meal
I'm a sensitive ___, though I seem thick-skinned
And it hurt that my friends never stood downwind
Soul
78%
Be PreparedAnd where do we feature?
Just listen to _______
I know it sounds sordid
But you'll be rewarded
Teacher
78%
Can You Feel the Love TonightThey'll fall in love and here's the bottom line
Our ____ down to two
Trio's
78%
Circle Of Life'Til we find our place
On the path _________
Unwinding
78%
Circle Of LifeBut the sun rolling high
Through the _______ sky
Keeps great and small on the endless round
Sapphire
67%
I Just Can't Wait To Be KingThus far, a rather _________ thing
Oh, I just can't wait to be king!
Uninspiring
67%
I Just Can't Wait To Be KingIf this is where the monarchy is headed
Count me out!
Out of _____, out of Africa
I wouldn't hang about... aagh!
Service
56%

Score Distribution

Percentile by Number Answered

Percent of People with Each Score

Your Score History

You have not taken this quiz